[Event "XXVI Elekes Mem GM"]
[Site "Budapest HUN"]
[Date "2001.05.27"]
[Round "7"]
[White "Fogarasi,T"]
[Black "Szieberth,A"]
[Result "1/2-1/2"]
[WhiteElo "2446"]
[BlackElo "2389"]

1.e4 c5 2.Nf3 e6 3.d4 cxd4 4.Nxd4 a6 5.Bd3 Nf6 6.O-O d6 7.c4 Bd7 8.Nc3 Nc6
9.Nxc6 Bxc6 10.Qe2 Be7 11.Bf4 O-O 12.Rfd1 e5 13.Be3 a5 14.Rac1 Nd7 15.Bc2 a4
16.Nb5 Qb8 17.Nc3 Qd8 18.b4 axb3 19.axb3 Qa5 20.Nd5 Bxd5 21.Rxd5 Qc7 22.Rcd1 Rfd8
23.h3 Nf8 24.b4 Ne6 25.Bb3 h6 26.Qd3  1/2-1/2

[Event "XXVI Elekes Mem IM"]
[Site "Budapest HUN"]
[Date "2001.05.31"]
[Round "11"]
[White "Semenova,I"]
[Black "Orso,J"]
[Result "0-1"]
[WhiteElo "2312"]
[BlackElo "2249"]

1.e4 c5 2.Nf3 e6 3.d4 cxd4 4.Nxd4 a6 5.Bd3 d5 6.O-O dxe4 7.Bxe4 Nf6 8.Bf3 Bc5
9.Nb3 Bd6 10.c4 Qc7 11.g3 Nbd7 12.Be3 Ne5 13.Be2 O-O 14.f4 Nc6 15.c5 Be7
16.N1d2 Rd8 17.Qc2 Nb4 18.Qc4 Nfd5 19.Bf2 Bd7 20.Qe4 Bc6 21.Qb1 a5 22.a3 Na6
23.Qc2 a4 24.Nc1 Nxf4 25.gxf4 Qxf4 26.Nd3 Qg5+ 27.Bg3 Bxc5+ 28.Rf2 Rac8 29.Nxc5 Rxd2
30.Ne4 Qxg3+ 31.hxg3 Rxc2 32.Nd6 Rf8 33.Raf1 g6 34.Bc4 Rxf2 35.Rxf2 Nc7 36.g4 h6
37.Rf4 Kg7 38.Kf2 Ne8 39.Rd4 Nf6 40.Bb5 Bxb5 41.Nxb5 Rc8 42.Nc3 b5 43.Kf3 Rc5
44.Rd8 Nd5 45.Ne4 Rc2 46.Nd6 f5 47.gxf5 gxf5 48.Nxb5 Rxb2 49.Nd4 Kf6 50.Ra8 Nb6
51.Rf8+ Ke5 52.Nc6+ Kd5 53.Nb4+ Kc4 54.Rb8 Rb3+ 55.Ke2 Nd5 56.Rc8+ Kd4 57.Nc6+ Ke4
58.Nd8 Rb2+ 59.Kd1 Kd3 60.Kc1 Re2 61.Nb7 Re1+ 62.Kb2 f4 63.Nc5+ Kd4 64.Rc6 f3
65.Nxe6+ Rxe6  0-1

[Event "ch-IND"]
[Site "New Delhi IND"]
[Date "2001.06.06"]
[Round "10"]
[White "Neelotpal,D"]
[Black "Kunte,A"]
[Result "0-1"]
[WhiteElo "2423"]
[BlackElo "2568"]

1.e4 c5 2.Nf3 e6 3.d4 cxd4 4.Nxd4 a6 5.Bd3 Qc7 6.O-O Nc6 7.Nxc6 dxc6 8.Nd2 e5
9.b3 Nf6 10.Bb2 Bg4 11.Qc1 Nd7 12.Nc4 Be6 13.Ne3 Bc5 14.a3 O-O 15.Kh1 Bd4
16.Bxd4 exd4 17.Nf5 Bxf5 18.exf5 Rfe8 19.Qd2 Qd6 20.a4 Nf6 21.h3 Re7 22.Rfe1 Rae8
23.Rxe7 Qxe7 24.Kg1 Qe5 25.Qb4 Re7 26.Qb6 h5 27.Rd1 c5 28.Qa5 Kh7 29.Qd2 Kg8
30.Qg5 Kf8 31.Qh4 Qd6 32.Qg5 Re5 33.Qd2 Qe7 34.Kf1 Ne4 35.Bxe4 Rxe4 36.c3 Qe5
37.Qg5 Qh2 38.f3 Qh1+ 39.Kf2 Qxd1 40.fxe4 dxc3 41.Qg3 c2 42.Qb8+ Ke7  0-1

[Event "White Nights"]
[Site "St Petersburg RUS"]
[Date "2001.06.10"]
[Round "2"]
[White "Smikovski,I"]
[Black "Gusev,Al"]
[Result "1-0"]
[WhiteElo "2497"]
[BlackElo "2383"]

1.e4 c5 2.Nf3 e6 3.d4 cxd4 4.Nxd4 a6 5.Bd3 Qb6 6.c3 d6 7.O-O Nf6 8.Be3 Qc7
9.c4 g6 10.a4 Bg7 11.a5 O-O 12.Nc3 Nbd7 13.Nb3 b6 14.axb6 Nxb6 15.Qe2 Nfd7
16.f4 Re8 17.Rfc1 Rb8 18.Ra3 Bb7 19.Na5 Nc5 20.b4 Nxd3 21.Qxd3 Ba8 22.c5 dxc5
23.bxc5 Nc8 24.c6 Bf8 25.Raa1 Bb4 26.Qd7 Re7 27.Qxc7 Rxc7 28.Rab1 Bxc6 29.Na2 Bd2
30.Bxd2 Rxb1 31.Rxb1 Bxe4 32.Rb8 Rc2 33.Nc3 Bxg2 34.Rxc8+  1-0

[Event "FSIM June"]
[Site "Budapest HUN"]
[Date "2001.06.13"]
[Round "12"]
[White "Berczes,C"]
[Black "Nemeth,Z"]
[Result "0-1"]
[WhiteElo "2263"]
[BlackElo "2319"]

1.e4 c5 2.Nf3 e6 3.d4 cxd4 4.Nxd4 a6 5.Bd3 Nf6 6.Qe2 d6 7.O-O Nbd7 8.c4 g6
9.b3 Bg7 10.Bb2 O-O 11.Kh1 Qc7 12.f4 b6 13.Nd2 Bb7 14.Rae1 Nh5 15.Qf2 e5
16.Ne2 Bh6 17.Qh4 exf4 18.Nd4 Qd8 19.Nf5 Bg7 20.Qxd8 Rfxd8 21.Nxg7 Nxg7 22.Rxf4 Ne6
23.Rf2 Nec5 24.Bb1 Ne5 25.Bxe5 dxe5 26.Nf3 f6 27.Kg1 Kg7 28.Rff1 Rd6 29.Kf2 Rad8
30.Ke3 g5 31.Bc2 h6 32.b4 Nd3 33.Rb1 Nf4 34.g3 Ne6 35.Rfd1 Nd4 36.Nxd4 Rxd4
37.Rxd4 Rxd4 38.Bd3 Bc8 39.a3 f5 40.Rb3 f4+ 41.gxf4 gxf4+ 42.Kf3 Be6 43.Rc3 a5
44.bxa5 bxa5 45.c5 Bd7 46.Bc4 Kf6 47.Bd5 Rd2 48.c6 Bh3 49.Rc1 h5 50.Rg1 Rxh2
51.Bc4 Rc2 52.Bb5 Bg4+ 53.Rxg4 Rc3+ 54.Ke2 hxg4 55.Kd2 Rc5  0-1

[Event "White Nights"]
[Site "St Petersburg RUS"]
[Date "2001.06.13"]
[Round "5"]
[White "Ustinov,A"]
[Black "Cistjakova,E"]
[Result "1/2-1/2"]
[WhiteElo "2246"]
[BlackElo "2066"]

1.e4 c5 2.Nf3 e6 3.d4 cxd4 4.Nxd4 a6 5.Bd3 Qc7 6.O-O Nf6 7.Be3 d5 8.exd5 Nxd5
9.Bd2 g6 10.Nc3 Nf6 11.Qf3 Bg7 12.Rfe1 O-O 13.Bf4 Qb6 14.Nb3 Bd7 15.Rad1 Bc6
16.Qe2 Rd8 17.Bc4 Rxd1 18.Rxd1 Nbd7 19.Be3 Qc7 20.Nd4 b5 21.Nxc6 Qxc6 22.Bd3 Ne5
23.f3 Nxd3 24.Qxd3 Rc8 25.a3 h5 26.Rd2 Bf8 27.Ne4  1/2-1/2

[Event "FSGM June"]
[Site "Budapest HUN"]
[Date "2001.06.14"]
[Round "13"]
[White "Rajlich,V"]
[Black "Szieberth,A"]
[Result "0-1"]
[WhiteElo "2337"]
[BlackElo "2389"]

1.e4 c5 2.Nf3 e6 3.d4 cxd4 4.Nxd4 a6 5.Bd3 b5 6.a4 Qb6 7.c3 Nc6 8.axb5 Nxd4
9.cxd4 Bb4+ 10.Nc3 Qxd4 11.O-O a5 12.Be3 Qd6 13.e5 Qxe5 14.Be4 d5 15.Bxd5 exd5
16.Nxd5 Bb7 17.Nxb4 axb4 18.Rxa8+ Bxa8 19.Bd4 Qg5 20.Qe2+ Ne7 21.f4 Qd5 22.Rd1 Qe6
23.Qd2 O-O 24.Bc5 f5 25.Qxb4 Rc8 26.Re1 Qd5 27.Re2 Rxc5  0-1

[Event "2nd IECC"]
[Site "Ohrid MKD"]
[Date "2001.06.14"]
[Round "13"]
[White "Gicev,B"]
[Black "Kutirov,R"]
[Result "1/2-1/2"]
[WhiteElo "2336"]
[BlackElo "2381"]

1.e4 c5 2.Nf3 e6 3.d4 cxd4 4.Nxd4 a6 5.Bd3 Qc7 6.O-O Nf6 7.Nc3 d6 8.Be3 Be7
9.Kh1 Nbd7 10.f4 b6 11.Qf3 Bb7 12.Rae1  1/2-1/2

[Event "2nd IECC"]
[Site "Ohrid MKD"]
[Date "2001.06.14"]
[Round "13"]
[White "Fedorchuk,S"]
[Black "Guliev,S"]
[Result "1/2-1/2"]
[WhiteElo "2503"]
[BlackElo "2528"]

1.e4 c5 2.Nf3 e6 3.d4 cxd4 4.Nxd4 a6 5.Bd3 Nc6 6.Nb3 Nf6 7.Nc3 Be7 8.O-O O-O
9.f4 d6 10.Qf3 e5 11.Nd5 exf4 12.Nxe7+ Qxe7 13.Qxf4 Ng4 14.Bc4 Be6 15.Bd5 Rac8
16.Bd2 b5 17.a4 Nf6 18.axb5 axb5 19.Rfe1 Bxd5 20.exd5 Ne5 21.Bb4 Rfe8 22.Qd2 Rc4
23.Nd4 Qd7 24.b3 Rcc8 25.Ra6 Qb7 26.Rxd6 Nxd5 27.Ba3 Ng6 28.Rxe8+ Rxe8 29.Nc6 Ndf4
30.Qe3 Qa8 31.Qxe8+ Qxe8 32.Rd8 Qxd8 33.Nxd8 Ne2+ 34.Kf2 Nd4 35.c4 bxc4 36.bxc4 Ne5
37.Bb2 Ndc6 38.Nxc6 Nxc6 39.Ke3 f5 40.Kf4 g6 41.Kg5 Kf7 42.Kh6 Kg8 43.Bf6 Kf7
44.Bc3 Kg8 45.h4 Nd8 46.Kg5 Kf7 47.Kh6 Kg8 48.Kg5  1/2-1/2

[Event "Hotel Lippa IM"]
[Site "Szentgotthard HUN"]
[Date "2001.06.15"]
[Round "3"]
[White "Borisek,J"]
[Black "Titz,Hei"]
[Result "0-1"]
[WhiteElo "2260"]
[BlackElo "2301"]

1.e4 c5 2.Nf3 e6 3.d4 cxd4 4.Nxd4 a6 5.Bd3 Bc5 6.Nb3 Ba7 7.Qe2 Nc6 8.Nc3 d6
9.O-O Nf6 10.Be3 Bxe3 11.Qxe3 O-O 12.Rad1 b5 13.Kh1 Qc7 14.f4 Bb7 15.a4 b4
16.Ne2 Rfe8 17.Ned4 Nxd4 18.Qxd4 a5 19.e5 dxe5 20.fxe5 Red8 21.Qc5 Ne8 22.Qf2 g6
23.Nc5 Bd5 24.Rde1 Qe7 25.Ne4 Bxe4 26.Rxe4 Ra7 27.Rf4 Rd5 28.Bb5 Ng7 29.Qb6 Nf5
30.c4 bxc3 31.bxc3 Qc7 32.Qf2 Rxe5 33.Rc4 Qe7 34.Qf4 Rc5 35.Rd1 Rxc4 36.Qxc4 Qc7
37.Qd3 Qc5 38.c4 e5 39.Qd8+ Kg7 40.Rd5 Qf2 41.Rd1 Re7 42.Qxa5 e4 43.Qc3+ f6
44.c5 e3 45.Rf1 Qd2 46.Qc1 Nh4 47.Rg1 Nxg2 48.c6 Nf4 49.Qc5 Re5 50.Qa7+ Kh6
51.Qd7 Qf2 52.Qg4 Rg5 53.Qd1 Rh5  0-1

[Event "TSGM"]
[Site "Belgrade YUG"]
[Date "2001.06.16"]
[Round "1"]
[White "Pavlovic,Mi"]
[Black "Todorov,O"]
[Result "0-1"]
[WhiteElo "2501"]
[BlackElo "2344"]

1.e4 c5 2.Nf3 e6 3.d4 cxd4 4.Nxd4 a6 5.Bd3 Nf6 6.O-O d6 7.c4 Bd7 8.Nc3 Nc6
9.Be3 Be7 10.f4 O-O 11.Kh1 e5 12.Nf5 Bxf5 13.exf5 Rc8 14.Rc1 Re8 15.Bb1 h6
16.b3 Bf8 17.Qf3 Qe7 18.Rce1 exf4 19.Bf2 Ne5 20.Qh3 Qd7 21.Bh4 Neg4 22.Rxf4 Rxe1+
23.Bxe1 Re8 24.Bd2 h5 25.Rf1 d5 26.cxd5 Bc5 27.Qf3 Be3 28.Be1 Qc7 29.g3 Bd4
30.Bd2 Bxc3 31.Qxc3 Qd6 32.Qf3 Nxd5 33.Re1 Rxe1+ 34.Bxe1 Qe5 35.Bd2 Qb2  0-1

[Event "43rd Tch-POR"]
[Site "Barreiro POR"]
[Date "2001.06.17"]
[Round "4"]
[White "Rocha,S"]
[Black "Mainka,R"]
[Result "1/2-1/2"]
[WhiteElo "2380"]
[BlackElo "2472"]

1.e4 c5 2.Nf3 e6 3.d4 cxd4 4.Nxd4 a6 5.Bd3 g6 6.O-O Bg7 7.c3 Ne7 8.f4 Nbc6
9.Nf3 d6 10.Be3 b5 11.a3 Qc7 12.Nbd2 O-O 13.Qe2 Bd7 14.Rad1 Rae8 15.Bb1 Bc8
16.Qf2 h6 17.Rfe1 f5 18.exf5 Nxf5 19.Bb6 Qb8 20.Nf1 e5 21.Ng3 Kh7 22.Be4 Nce7
23.Ba7 Qc7 24.Bb6 Qc4 25.fxe5 dxe5 26.Nf1 Qe6 27.Qc5 Bd7 28.Bc7 Bc6 29.Bxc6 Nxc6
30.Bd6 Nce7 31.Bxe5 Qc6 32.Qa7 Ra8 33.Qc7 Qxc7 34.Bxc7 Ra7 35.Be5 g5 36.h3 Ng6
37.Bxg7 Kxg7 38.Ne3 Nf4 39.Nxf5+ Rxf5 40.Nd4 Rf6 41.Re3 Raf7 42.Rde1 h5 43.Ne6+ Nxe6
44.Rxe6 h4 45.Re7 Rxe7 46.Rxe7+ Kg6 47.Re3 Rd6 48.a4 bxa4 49.Re4 Rb6 50.Rxa4 Rxb2
51.Rxa6+ Kf5 52.Rc6 Rc2 53.Rc8 Kf4 54.Kh2 Ke5 55.c4 Ke6 56.Rc6+ Ke5 57.Rc7 Rc3
58.c5 Kd5 59.c6 Rc5 60.Rc8 Kd6 61.Kg1 Rxc6 62.Rxc6+  1/2-1/2

[Event "White Nights"]
[Site "St Petersburg RUS"]
[Date "2001.06.17"]
[Round "9"]
[White "Gerasimovitch,O"]
[Black "Cistjakova,E"]
[Result "1/2-1/2"]
[WhiteElo "2101"]
[BlackElo "2066"]

1.e4 c5 2.Nf3 e6 3.d4 cxd4 4.Nxd4 a6 5.Bd3 Qc7 6.Qe2 Nf6 7.c4 d6 8.O-O Be7
9.Nc3 Nc6 10.Be3 Ne5 11.f3 O-O 12.Rac1 Nxd3 13.Qxd3 Bd7 14.Rfd1 Rac8 15.b3 Qb8
16.a4 Bc6 17.Nc2 Nd7 18.b4 Ne5 19.Qe2 Be8 20.Na3 Nc6 21.b5 Ne5 22.f4 Nd7
23.Nc2 Qc7 24.Nb4 a5 25.Nd3 Nc5 26.Bxc5 dxc5 27.Qe3 b6 28.Rf1 f6 29.f5 Bf7
30.fxe6 Bxe6 31.Nd5 Qd6 32.N3f4 Bd8 33.Rf3 Bf7 34.Rg3 Qe5 35.Qf3 Rb8 36.Qg4 g6
37.Nd3 Qd4+ 38.Kh1 Bxd5 39.exd5 Qxg4 40.Rxg4 f5 41.Rg3 Re8 42.Re1 Bh4 43.Rxe8+ Rxe8
44.Rf3 Re4 45.Rf4  1/2-1/2

[Event "Hotel Lippa GM"]
[Site "Szentgotthard HUN"]
[Date "2001.06.18"]
[Round "6"]
[White "Rajlich,V"]
[Black "Farago,I"]
[Result "0-1"]
[WhiteElo "2337"]
[BlackElo "2485"]

1.e4 c5 2.Nf3 e6 3.d4 cxd4 4.Nxd4 a6 5.Bd3 Nf6 6.O-O Qc7 7.Qe2 d6 8.c4 g6
9.Nc3 Bg7 10.Nf3 Nc6 11.Rd1 O-O 12.h3 Nd7 13.Be3 b6 14.Rac1 Nc5 15.Bb1 Bb7
16.Bf4 Rad8 17.Rd2 Rd7 18.Qd1 Rfd8 19.a3 Ne5 20.b4 Nxf3+ 21.gxf3 Bxc3 22.Rxc3 e5
23.Bg5 Ne6 24.Bxd8 Qxd8 25.Bd3 Nf4 26.Bf1 Bc8 27.c5 dxc5 28.Rxd7 Bxd7 29.bxc5 Qg5+
30.Kh1 Bxh3 31.Bxh3 Qh4 32.Qd7 Kg7 33.cxb6 Qxf2 34.Qd1 Ne2 35.Qxe2 Qxe2 36.b7 Qe1+
37.Kg2 Qb1 38.Bc8 Kf6 39.Rc4 Kg5 40.Rb4 Qc2+ 41.Kg3 Qc1 42.Bh3 Qf4+ 43.Kg2 Qd2+
44.Kh1 Kh4 45.f4 Qe1+ 46.Kg2 Qe2+ 47.Kh1 a5 48.b8=Q axb4 49.Qxb4 Kxh3 50.Qc3+ Kg4
51.Qxe5 Qf1+  0-1

[Event "43rd Tch-POR"]
[Site "Barreiro POR"]
[Date "2001.06.22"]
[Round "5"]
[White "Reinaldo Castineira,R"]
[Black "Vitor,A"]
[Result "1/2-1/2"]
[WhiteElo "2425"]
[BlackElo "2297"]

1.e4 c5 2.Nf3 e6 3.d4 cxd4 4.Nxd4 a6 5.Bd3 Nf6 6.O-O d6 7.c4 Be7 8.b3 O-O
9.Bb2 b6 10.Nc3 Bb7 11.Qe2 Qc7 12.f4 Nc6 13.Nf3 Nb4 14.Bb1 Rad8 15.a3 Nc6
16.Ba2 Rfe8 17.Rae1 Nd7 18.Kh1 Nf8 19.Qf2 Ng6 20.Qg3 Bf8 21.h4 Nb8 22.h5 Nh8
23.e5 dxe5 24.Nxe5 f5 25.Nf3 Nf7 26.Ne2 Nd7 27.Ned4 Nc5 28.Nd2 Nd6 29.Re5 Qf7
30.Qh4  1/2-1/2

[Event "Narciso Yepes"]
[Site "Lorca ESP"]
[Date "2001.06.26"]
[Round "2"]
[White "Lorenzini,M"]
[Black "Strikovic,A"]
[Result "1-0"]
[WhiteElo "2365"]
[BlackElo "2493"]

1.e4 c5 2.Nf3 e6 3.d4 cxd4 4.Nxd4 a6 5.Bd3 Nf6 6.O-O Qc7 7.Qe2 d6 8.c4 g6
9.Nc3 Bg7 10.Rd1 O-O 11.Nf3 Nbd7 12.Bf4 Ng4 13.Rac1 Nde5 14.b3 b6 15.Ne1 Bb7
16.Qd2 f5 17.exf5 gxf5 18.Bf1 Rad8 19.Na4 Bc6 20.Qb4 Qe7 21.f3 a5 22.Qd2 Bxa4
23.bxa4 Nf6 24.Be3 Qc7 25.Qd4 Qc5 26.Rb1 Ned7 27.Qd3 Qc6 28.Qxd6 Qxa4 29.Qxe6+ Kh8
30.Qxf5 Ng4 31.Qc2 Qa3 32.Qb3 Qe7 33.fxg4 Nc5 34.Qa3 Qe4 35.Nf3 Qxg4 36.Rxd8 Rxd8
37.Bxc5 bxc5 38.Qxa5 Rf8 39.Qxc5  1-0

[Event "Narciso Yepes"]
[Site "Lorca ESP"]
[Date "2001.06.27"]
[Round "5"]
[White "Lorenzini,M"]
[Black "Giardelli,S"]
[Result "0-1"]
[WhiteElo "2365"]
[BlackElo "2438"]

1.e4 c5 2.Nf3 e6 3.d4 cxd4 4.Nxd4 a6 5.Bd3 Nf6 6.O-O d6 7.c4 b6 8.Nc3 Bb7
9.Qe2 Nc6 10.Nxc6 Bxc6 11.b3 Be7 12.Bb2 O-O 13.Rad1 Qc7 14.f4 b5 15.Kh1 b4
16.Nb1 Nd7 17.Rde1 e5 18.Nd2 exf4 19.Rxf4 Ne5 20.Nf3 Ng6 21.Rf5 Bd7 22.Nd4 Bxf5
23.exf5 Nf4 24.Qf3 Nxd3 25.Qxd3 Bf6 26.Bc1 Rfe8 27.Rf1 Qc5 28.Nc2 d5 29.Qxd5 Qxd5
30.cxd5 a5 31.Bf4 Be5 32.Be3 Rac8 33.Rf2 Bd6 34.Bb6 Bc5 35.Bxc5 Rxc5  0-1

[Event "12th Open"]
[Site "Ljubljana SLO"]
[Date "2001.06.28"]
[Round "6"]
[White "Susnik,M"]
[Black "Podkriznik,G"]
[Result "1/2-1/2"]
[WhiteElo "2223"]
[BlackElo "2327"]

1.e4 c5 2.Nf3 e6 3.d4 cxd4 4.Nxd4 a6 5.Bd3 Nf6 6.O-O Qc7 7.Qe2 d6 8.f4 Nbd7
9.Kh1 g6 10.f5 e5 11.Ne6 fxe6 12.fxe6 Bg7 13.exd7+ Bxd7 14.Bg5 Bg4 15.Qf2 O-O
16.Qe3 Be6 17.Bxf6 Bxf6 18.Nc3 Qe7 19.Nd5 Bxd5 20.exd5 e4 21.Qxe4 Qxe4 22.Bxe4 Bxb2
23.Rab1 Rxf1+ 24.Rxf1 Re8 25.Re1 Kg7 26.g3 Bd4 27.Kg2 Rc8 28.Bd3 Kf7 29.c4 Re8  1/2-1/2

[Event "12th Open"]
[Site "Ljubljana SLO"]
[Date "2001.06.29"]
[Round "7"]
[White "Groselj,P"]
[Black "Kaspret,G"]
[Result "1/2-1/2"]
[WhiteElo "2106"]
[BlackElo "2318"]

1.e4 c5 2.Nf3 e6 3.d4 cxd4 4.Nxd4 a6 5.Bd3 Qc7 6.c4 Nc6 7.Nxc6 bxc6 8.O-O e5
9.Nc3 Nf6 10.Bg5 Be7 11.Qd2 h6 12.Bxf6 Bxf6 13.Rfd1 Be7 14.Bf1 Bc5 15.Rab1 a5
16.Qc2 O-O 17.a3 d6 18.b4 axb4 19.axb4 Bd4 20.Ne2 Bg4 21.h3 Bxe2 22.Qxe2 f5
23.Rd2 fxe4 24.Qxe4 Rf4 25.Qg6 Rf6 26.Qe4 Rf4 27.Qg6 Rf6 28.Qe4  1/2-1/2

[Event "IV Copa Mercosur"]
[Site "Vicente Lopez ARG"]
[Date "2001.06.30"]
[Round "7"]
[White "Valerga,D"]
[Black "Panno,O"]
[Result "1/2-1/2"]
[WhiteElo "2468"]
[BlackElo "2471"]

1.e4 c5 2.Nf3 e6 3.d4 cxd4 4.Nxd4 a6 5.Bd3 Nc6 6.Nxc6 dxc6 7.O-O e5 8.Nd2 Bd6
9.a4 Nf6 10.Nc4 Bc7 11.Bg5 h6 12.Bh4 Be6 13.Ne3 g5 14.Bg3 h5 15.f3 Nd7 16.Bf2 Bb6
17.Qe2 Qe7 18.Bc4 Bxe3 19.Bxe3 f6 20.Rfd1 Rd8 21.b4 Kf7 22.b5 axb5 23.axb5 Bxc4
24.Qxc4+ Qe6 25.Qd3 Nb6 26.Qb3 Nc4 27.bxc6 Qxc6 28.Rd3 Kg6 29.Rb1 Rxd3 30.Qxd3 Nxe3  1/2-1/2

[Event "Open"]
[Site "Andorra AND"]
[Date "2001.07.02"]
[Round "3"]
[White "De la Riva Aguado,O"]
[Black "Garcia,Rau"]
[Result "1-0"]
[WhiteElo "2496"]
[BlackElo "2260"]

1.e4 c5 2.Nf3 e6 3.d4 cxd4 4.Nxd4 a6 5.Bd3 Nf6 6.O-O Qc7 7.Qe2 d6 8.c4 g6
9.Nc3 Bg7 10.Rd1 O-O 11.Nf3 Nc6 12.h3 Nd7 13.Bf4 Nde5 14.Rac1 b6 15.Bb1 Bb7
16.Nb5 axb5 17.cxb5 Rfd8 18.bxc6 Nxf3+ 19.Qxf3 Bxc6 20.Qg3 e5 21.Bg5 Rd7
22.Rc3 Qb7 23.Qh4 Re8 24.f3 Bf8 25.Rdc1 Rc7 26.a3 Rcc8 27.Ba2 Bd7 28.Bd5 Qb8
29.Bd2 Rxc3 30.Bxc3 Be6 31.Rd1 Bxd5 32.Rxd5 Rc8 33.Kh1 Rc5 34.Rd1 Qb7 35.Qd8 Rc8
36.Qg5 Be7 37.Qe3 Kg7 38.Rd3 h6 39.Qd2 Rc6 40.Rd5 Qc7 41.Qd1 Kg8 42.g3 Rc4
43.Kg2 Rc6 44.h4 h5 45.Kf2 Qc8 46.Kg2 Qc7 47.Qa4 Qb7 48.Kf2 Qc8 49.Qb5 g5
50.hxg5 Bxg5 51.Ke2 h4 52.gxh4 Bxh4 53.Rd1 Rc5 54.Rg1+ Kh7 55.Qb3 Qa6+ 56.Kd2 Qb7
57.Rh1 Qe7 58.Kc2 b5 59.Kb1 Kg6 60.Qd1 Rc8 61.f4  1-0

[Event "Open"]
[Site "Batumi GEO"]
[Date "2001.07.03"]
[Round "7"]
[White "Arutunian,D"]
[Black "Kalagashvili,P"]
[Result "1-0"]
[WhiteElo "2396"]
[BlackElo "2231"]

1.e4 c5 2.Nf3 e6 3.d4 cxd4 4.Nxd4 a6 5.Bd3 Nf6 6.O-O d6 7.c4 Nbd7 8.Nc3 Be7
9.Be3 O-O 10.Rc1 Qc7 11.f3 b6 12.Qd2 Bb7 13.Rfd1 Rac8 14.Bf1 Rfe8 15.Kh1 Qb8
16.Nc2 h6 17.Bf2 Nh5 18.Be2 g5 19.Bf1 Kh7 20.b3 Rg8 21.g3 f5 22.Bg2 Qa8 23.Qe2 Ne5
24.Bd4 f4 25.g4 Nf6 26.Na4 Rcf8 27.Nxb6 Qe8 28.Bxe5 dxe5 29.b4 h5 30.h3 hxg4
31.hxg4 Rh8 32.Kg1 Kg7 33.c5 Bc6 34.Ne1 Qg6 35.Rd6 Bb5 36.Qb2 Bxd6 37.cxd6 Qh6
38.Qxe5 Rb8 39.Nd5 Bd7 40.Rc7 Rbd8 41.Qxe6 Rhe8 42.Qf5 Nxd5 43.Rxd7+ Rxd7
44.Qxd7+ Kf8 45.Qf5+ Nf6 46.d7 Rd8 47.e5 Rxd7 48.exf6 Rd1 49.Qc5+ Kg8 50.Qc4+ Kf8
51.Qe2 Rd7 52.Qxa6 Rd1 53.Qe2 Rd7 54.Qe6 Qh7 55.Bf1 Qf7 56.Qe5 Rd1 57.Qc5+ Kg8
58.Bc4 Rxe1+ 59.Kf2 Re6 60.Bxe6 Qxe6 61.Qxg5+ Kf8 62.Qg7+  1-0

[Event "Sub-zt 2.3.2"]
[Site "Managua NCA"]
[Date "2001.07.03"]
[Round "4"]
[White "Juarez Flores,G"]
[Black "Lacayo,R"]
[Result "0-1"]
[WhiteElo "2236"]
[BlackElo "2281"]

1.e4 c5 2.Nf3 e6 3.d4 cxd4 4.Nxd4 a6 5.Bd3 Bc5 6.Nb3 Ba7 7.O-O Nc6 8.Qe2 d6
9.Be3 Bxe3 10.Qxe3 Nf6 11.N1d2 O-O 12.c3 Qc7 13.h3 b6 14.f4 Bb7 15.Rae1 Nd7
16.Bb1 e5 17.f5 Ne7 18.Qg5 f6 19.Qg4 d5 20.Rf3 Nc5 21.Rg3 Rf7 22.Kh1 Nxe4
23.Nxe4 dxe4 24.Bxe4 Nd5 25.c4 Nf4 26.Bxb7 Qxb7 27.Nd2 Rd8 28.Ne4 Rd4 29.Qf3 Qd7
30.c5 bxc5 31.Nxc5 Qxf5 32.Qa8+ Rf8 33.Qb7 g6 34.Qb3+ Kh8 35.Nxa6 Rd2 36.Qb4 Rfd8
37.Nc5 Nxg2 38.Rg1 Nf4 39.Nb7 Qc2  0-1

[Event "Open"]
[Site "Andorra AND"]
[Date "2001.07.06"]
[Round "7"]
[White "Handke,F"]
[Black "Miezis,N"]
[Result "0-1"]
[WhiteElo "2405"]
[BlackElo "2596"]

1.e4 c5 2.Nf3 e6 3.d4 cxd4 4.Nxd4 a6 5.Bd3 Nc6 6.Nxc6 dxc6 7.Nd2 e5 8.Nc4 Nf6
9.O-O Qc7 10.Bd2 b5 11.Ba5 Qb8 12.Nb6 Ra7 13.Nxc8 Qxc8 14.a4 Qb8 15.axb5 axb5
16.Bc3 Bc5 17.b4 Rxa1 18.Qxa1 Bd6 19.f4 Bc7 20.fxe5 Ng4 21.Rf5 Bb6+ 22.Kh1 Nf2+
23.Rxf2 Bxf2 24.e6 fxe6 25.Bxg7 Rg8 26.Bh6 e5 27.Be2 Ke7 28.Qc1 Qd6 29.c4 Qg6
30.Bf3 bxc4 31.Bd2 Qd6 32.Bg5+ Kd7 33.h4 Qd3 34.Qa1 Bd4 35.Qa6 Qb1+ 36.Kh2 Qxb4
37.Bg4+ Kc7 38.Bf5 Qe1 39.Qxc4 Rg7 40.Bh3 Bg1+  0-1

[Event "ch-NOR"]
[Site "Kristiansund NOR"]
[Date "2001.07.07"]
[Round "1"]
[White "Borresen,G"]
[Black "Lie,K"]
[Result "0-1"]
[WhiteElo "2286"]
[BlackElo "2347"]

1.e4 c5 2.Nf3 e6 3.d4 cxd4 4.Nxd4 a6 5.Bd3 Qb6 6.Nb3 d6 7.Nc3 Nf6 8.O-O Be7
9.Be3 Qc7 10.f4 Nbd7 11.Qf3 O-O 12.g4 Ne8 13.Qh3 b5 14.g5 b4 15.Ne2 Nb6 16.Nd2 e5
17.Qg3 Bb7 18.f5 Bd8 19.Rf3 d5 20.Qh4 d4 21.Nxd4 exd4 22.Bxd4 h6 23.f6 hxg5
24.Qh5 Bxf6 25.e5 g6 26.Bxg6 fxg6 27.Qxg6+ Qg7 28.Qxg7+ Bxg7 29.Rxf8+ Kxf8
30.Bxb6 Bxe5 31.Nc4 Bf4 32.Bc5+ Kg8 33.Bxb4 Rc8 34.b3 Bd5 35.Re1 Nf6 36.Nb6 Rxc2
37.Be7 Bxh2+ 38.Kf1 Bg2+  0-1

[Event "10th AKN Weekender"]
[Site "Haarlem NED"]
[Date "2001.07.08"]
[Round "6"]
[White "Solleveld,Maa"]
[Black "Luberti,W"]
[Result "1-0"]
[WhiteElo "2427"]
[BlackElo "2173"]

1.e4 c5 2.Nf3 e6 3.d4 cxd4 4.Nxd4 a6 5.Bd3 b5 6.O-O Qb6 7.Be3 Bc5 8.c3 e5
9.Nf5 Bxe3 10.Nxe3 Nf6 11.a4 Bb7 12.Nd2 O-O 13.axb5 axb5 14.Qb3 Rxa1 15.Rxa1 Bc6
16.Qa3 g6 17.Qd6 Qd8 18.Qxe5 Re8 19.Qd4 Nh5 20.Nf3 Nf4 21.Nd5 Bxd5 22.exd5 Ne2+
23.Bxe2 Rxe2 24.b4 d6 25.Ra8 Re7 26.h4 h6 27.Qf4 Kg7 28.Nd4 Qb6 29.h5 Qb7
30.hxg6 fxg6 31.Ne6+  1-0

[Event "Glorney Cup"]
[Site "Hyerois FRA"]
[Date "2001.07.09"]
[Round "2"]
[White "Tabatabai,J"]
[Black "Houdart,R"]
[Result "0-1"]
[WhiteElo "2039"]
[BlackElo "2094"]

1.e4 c5 2.Nf3 e6 3.d4 cxd4 4.Nxd4 a6 5.Bd3 Nf6 6.O-O Qc7 7.Be3 Be7 8.c4 d6
9.Nc3 O-O 10.Rc1 Nbd7 11.Kh1 b6 12.Qe2 Bb7 13.f4 Rfe8 14.b4 Rac8 15.a3 Bf8
16.Nf3 Qb8 17.Bd4 Nh5 18.Ng5 g6 19.Qg4 Ndf6 20.Qh4 h6 21.Nxf7 Kxf7 22.e5 Qa8
23.Rf2 Ne4 24.Re2 d5 25.Rf1 Rxc4 26.f5 Rxd4 27.fxg6+ Kg8 28.Bxe4 dxe4 29.Qxh5 Bg7
30.Ref2 e3  0-1

[Event "Heart of Finland Open"]
[Site "Jyvaskyla FIN"]
[Date "2001.07.10"]
[Round "4"]
[White "Nevanlinna,R"]
[Black "Seeman,T"]
[Result "1/2-1/2"]
[WhiteElo "2338"]
[BlackElo "2440"]

1.e4 c5 2.Nf3 e6 3.d4 cxd4 4.Nxd4 a6 5.Bd3 Nf6 6.O-O d6 7.c4 g6 8.Nc3 Bg7
9.Nb3 O-O 10.Be2 Nc6 11.Bf4 Ne8 12.c5 dxc5 13.Qxd8 Nxd8 14.Na4 e5 15.Nb6 Rb8
16.Be3 Ne6 17.Nxc5 Nf6 18.Rfd1 Re8 19.Ncd7 Bxd7 20.Nxd7 Rbd8 21.Nxf6+ Bxf6
22.Bb6 Rxd1+ 23.Rxd1 Rc8 24.Bg4 Rc2 25.Bxe6 fxe6 26.Rb1 Bg5 27.Ba7 Bc1 28.b3 Bb2
29.Rd1 Bd4 30.Bxd4 exd4 31.f4 Rxa2 32.Rxd4 b5 33.Rd8+ Kf7 34.Rd7+ Kf6 35.g4 e5
36.Rd6+ Kf7 37.fxe5 a5 38.Rb6 b4 39.Rb5 Ke6 40.h3 g5 41.Kh1 Ra3 42.Kg2 Rxb3
43.Rxa5 Re3 44.Rb5 b3 45.Kh2 Rd3 46.Kg2 Rc3 47.Rd5 h6 48.Kh2 Re3 49.Rb5 Kd7
50.Kg2 Kc6 51.Rb8 Kc5 52.e6 Kd6  1/2-1/2

[Event "Aegean Open"]
[Site "Ikaros GRE"]
[Date "2001.07.12"]
[Round "6"]
[White "Frhat,A"]
[Black "Pozharsky,V"]
[Result "0-1"]
[WhiteElo "2289"]
[BlackElo "2455"]

1.e4 c5 2.Nf3 e6 3.d4 cxd4 4.Nxd4 a6 5.Bd3 Qc7 6.O-O Nc6 7.Nxc6 bxc6 8.c4 Nf6
9.Nc3 Be7 10.Be3 d6 11.f4 O-O 12.Rc1 Rb8 13.b3 Rd8 14.Qf3 Qa5 15.Kh1 e5 16.f5 Bb7
17.Qh3 d5 18.cxd5 Bb4 19.Na4 Ba8 20.Bg5 cxd5 21.Bxf6 gxf6 22.Rf3 Kf8 23.Qh4 Ke7
24.exd5 Qxd5 25.Rc7+ Rd7 26.Rxd7+ Qxd7 27.Re3 Qd5 28.Bf1 a5 29.Qf2 Rg8 30.Rd3 Qc6
31.Qa7+ Bb7 32.Nb6 Bc5 33.Rc3 Qxb6 34.Qxb6 Bxb6  0-1

[Event "ch-SUI"]
[Site "Scuol SUI"]
[Date "2001.07.12"]
[Round "1"]
[White "Raetsky,A"]
[Black "Guller,A"]
[Result "1-0"]
[WhiteElo "2452"]
[BlackElo "2116"]

1.e4 c5 2.Nf3 e6 3.d4 cxd4 4.Nxd4 a6 5.Bd3 Nc6 6.Nxc6 dxc6 7.O-O e5 8.Nd2 Nf6
9.Nc4 Qc7 10.Bg5 Be6 11.Bxf6 gxf6 12.Qf3 Be7 13.Ne3 O-O-O 14.Rfd1 h5 15.h4 Rdg8
16.c3 Bg4 17.Nxg4 Rxg4 18.g3 Bc5 19.b4 Bb6 20.Bf1 Kb8 21.Bh3 Rgg8 22.Rd7 Qc8
23.Kg2 Qe8 24.a4 Rh6 25.Bf5 Qf8 26.a5 Bc7 27.Rad1 c5 28.Qe3 Rhh8 29.Qd3 cxb4
30.Qc4 Bxa5 31.Rxf7 Qe8 32.Rdd7 Qc8 33.Qxc8+  1-0

[Event "ch-SUI"]
[Site "Scuol SUI"]
[Date "2001.07.16"]
[Round "5"]
[White "Raeber,M"]
[Black "Pikula,D"]
[Result "1/2-1/2"]
[WhiteElo "2274"]
[BlackElo "2458"]

1.e4 c5 2.Nf3 e6 3.d4 cxd4 4.Nxd4 a6 5.Bd3 Nf6 6.O-O d6 7.c4 g6 8.Nc3 Bg7
9.Be3 O-O 10.Kh1 Nbd7 11.f4 b6 12.Nc6 Qc7 13.Ne7+ Kh8 14.Nxc8 Raxc8 15.Rc1 Rfd8
16.Qf3 Qb8 17.b3 Nc5 18.Bb1 b5 19.cxb5 axb5 20.f5 b4 21.Ne2 e5 22.Ng3 h5
23.Rfd1 Kh7 24.Nf1 Ncd7 25.Bd2 Bh6 26.Bxh6 Kxh6 27.Ne3 Rxc1 28.Rxc1 Rc8 29.Rd1 Rc3
30.Qe2 Qa7 31.Re1 Qc5 32.fxg6 fxg6 33.Qd2 Kg7 34.Nc4 d5 35.exd5 Qd4 36.Qg5 Qg4
37.Qxg4 hxg4 38.Kg1 Nxd5 39.Nxe5 Nxe5 40.Rxe5 Ne3 41.Kf2 g3+ 42.Kxg3 Nc4+
43.Kf4 Nxe5 44.Kxe5 Rc1 45.Be4 Rd1 46.Bf3 Rd2 47.Ke4 Kf6 48.Ke3 Rd7 49.Ke4 g5
50.g3 Rd2 51.h4 gxh4 52.gxh4 Rxa2 53.Kd4 Rf2 54.Bd5 Ke7 55.Kc5 Rf5 56.Kc6 Rh5
57.Bc4 Kd8 58.Kd6 Kc8 59.Kc6 Kb8 60.Kb6 Kc8 61.Kc6 Kd8 62.Kd6 Ke8 63.Be2 Ra5
64.Kc6 Re5 65.Bc4 Ke7 66.Bd5 Rh5 67.Bc4 Kf6 68.Kb6 Re5 69.h5 Ke7 70.Kc6 Re4
71.h6 Kf6 72.Kb6 Rh4 73.Be2 Rh3 74.Kb5  1/2-1/2